[Event "I Weekend"]
[Site "Rivarolo Mantovano ITA"]
[Date "2003.10.12"]
[Round "3"]
[White "Bellelli, Ettore"]
[Black "Galli, Massimiliano"]
[Result "1-0"]
[WhiteElo "1600"]
[BlackElo "1440"]
[PlyCount "93"]
[EventDate "2003.10.11"]

1. d4 d5 2. c4 c6 3. Nf3 Bf5 4. Nc3 e6 5. e3 Nf6 6. Nh4 Bg4 7. Nf3 Nbd7 8. h3
Bh5 9. Be2 Bb4 10. O-O O-O 11. a3 Bd6 12. cxd5 exd5 13. b4 Re8 14. Bb2 Ne4 15.
Rc1 Ndf6 16. b5 Qb6 17. Na4 Qc7 18. bxc6 Rac8 19. cxb7 Qxb7 20. Qd3 Bg6 21. Qb5
Qxb5 22. Bxb5 Red8 23. Rxc8 Rxc8 24. Rc1 Rb8 25. Ba6 Kf8 26. Rc8+ Ke7 27. Rxb8
Bxb8 28. Bc3 Bf5 29. Bb4+ Nd6 30. Ne5 Bd7 31. Nc3 Ke6 32. Nxd7 Kxd7 33. g4 Kc6
34. f3 Nc4 35. Bb5+ Kb6 36. Kg2 Nd6 37. Ba4 g6 38. g5 Nh5 39. Nxd5+ Ka6 40. f4
Ne4 41. Kf3 f5 42. gxf6 Nhxf6 43. Nxf6 Nxf6 44. Bc6 Kb6 45. d5 Kc7 46. e4 Kb6
47. e5 1-0

[Event "I Weekend"]
[Site "Rivarolo Mantovano ITA"]
[Date "2003.10.12"]
[Round "3"]
[White "Benedetti, Maurizio"]
[Black "Ghirardi, Gianfranco"]
[Result "1-0"]
[WhiteElo "1522"]
[BlackElo "1615"]
[PlyCount "75"]
[EventDate "2003.10.11"]

1. e4 e6 2. d4 d5 3. Nd2 dxe4 4. Nxe4 Nd7 5. Bd3 Ngf6 6. Nf3 Nxe4 7. Bxe4 Be7
8. O-O Nf6 9. Bd3 a6 10. Ne5 h6 11. c3 Bd7 12. Qf3 Qc8 13. Re1 c6 14. Be4 Rf8
15. Bf4 Nxe4 16. Qxe4 f5 17. Qf3 Kd8 18. Nc4 b5 19. Nb6 Qb7 20. Nxa8 Qxa8 21.
Qg3 g5 22. Bd6 f4 23. Bxe7+ Kxe7 24. Qd3 Rf6 25. Qh7+ Kd6 26. Qg7 Qd8 27. Re5
Kc7 28. Rae1 Kb6 29. b4 f3 30. g3 Bc8 31. a3 Bd7 32. R1e4 a5 33. Rc5 axb4 34.
cxb4 Rf8 35. Qe5 Rf5 36. Qd6 Rd5 37. Rxd5 exd5 38. Re7 1-0

[Event "I Weekend"]
[Site "Rivarolo Mantovano ITA"]
[Date "2003.10.12"]
[Round "3"]
[White "Bocceda, Carlo"]
[Black "Badalotti, Dario"]
[Result "1-0"]
[WhiteElo "1636"]
[BlackElo "1450"]
[PlyCount "97"]
[EventDate "2003.10.11"]

1. e4 c5 2. Nf3 d6 3. d4 cxd4 4. Nxd4 Nf6 5. Nc3 a6 6. Be3 e6 7. f3 Be7 8. Qd2
Bd7 9. g4 Nc6 10. h4 Nxd4 11. Bxd4 Bc6 12. h5 O-O 13. O-O-O d5 14. e5 Nd7 15.
Bd3 f6 16. exf6 Bxf6 17. Bxf6 Qxf6 18. Qe2 Ne5 19. Rhe1 Nxd3+ 20. Rxd3 Rae8 21.
Qe5 Qf4+ 22. Qxf4 Rxf4 23. Ne2 Rf7 24. Nd4 Bd7 25. Re5 Rf4 26. c3 Kf7 27. Rde3
Rf6 28. Kd2 Ke7 29. Nf5+ Kf8 30. Nd4 Kf7 31. b3 Kf8 32. Ke2 Kf7 33. Kf2 g6 34.
g5 Rf4 35. Kg3 Rxd4 36. hxg6+ hxg6 37. cxd4 Rc8 38. Re2 Bb5 39. Rb2 Rc1 40. Re3
Rg1+ 41. Kf4 Rh1 42. Rc3 Bc6 43. Rbc2 Rh4+ 44. Ke5 Ke7 45. Rxc6 bxc6 46. Rxc6
Rh5 47. Rxe6+ Kf7 48. f4 Rh2 49. Rxa6 1-0

[Event "I Weekend"]
[Site "Rivarolo Mantovano ITA"]
[Date "2003.10.12"]
[Round "3"]
[White "Bozuffi, Italo"]
[Black "Trazzi, Enrico"]
[Result "1-0"]
[WhiteElo "1570"]
[BlackElo "1642"]
[PlyCount "109"]
[EventDate "2003.10.11"]

1. b3 d5 2. g3 e5 3. Bg2 c6 4. Bb2 Qc7 5. e3 Bd6 6. Ne2 Ne7 7. d3 O-O 8. Nd2
Be6 9. O-O Nd7 10. c4 f5 11. Qc2 Rac8 12. f4 e4 13. Qc3 Rf7 14. Nd4 Nc5 15. b4
Na4 16. Qb3 Nxb2 17. Nxe6 Qd7 18. Ng5 Nxd3 19. Nxf7 Kxf7 20. c5 Bc7 21. Bh3 Kf8
22. Nf3 g6 23. Ne1 Nxe1 24. Rfxe1 d4 25. exd4 Qxd4+ 26. Kh1 Nd5 27. a3 a6 28.
Rac1 h5 29. Bf1 Rd8 30. Bc4 Qf6 31. Bxd5 Rxd5 32. Rcd1 Qd8 33. Rxd5 Qxd5 34.
Qxd5 cxd5 35. Rd1 e3 36. Kg2 e2 37. Re1 Bd8 38. Rxe2 Bf6 39. Rd2 d4 40. Kf3 Ke7
41. Ke2 Kd7 42. Kd3 Bg7 43. h4 Kc6 44. Kc4 Bf6 45. a4 Bg7 46. b5+ axb5+ 47.
axb5+ Kd7 48. Kd5 Bf6 49. c6+ bxc6+ 50. bxc6+ Kc7 51. Ra2 Bh8 52. Ra7+ Kb8 53.
Rd7 Kc8 54. Kc4 Bf6 55. Rd6 1-0

[Event "I Weekend"]
[Site "Rivarolo Mantovano ITA"]
[Date "2003.10.12"]
[Round "3"]
[White "Cottarelli, Franco"]
[Black "Gualazzi, Paolo"]
[Result "1/2-1/2"]
[WhiteElo "1698"]
[BlackElo "1684"]
[PlyCount "38"]
[EventDate "2003.10.11"]

1. e4 e6 2. d4 d5 3. Nc3 Nf6 4. Bg5 Be7 5. e5 Nfd7 6. h4 c5 7. Nb5 Qa5+ 8. c3
cxd4 9. Bxe7 Kxe7 10. b4 Qb6 11. Qxd4 Qxd4 12. cxd4 Nc6 13. Nf3 Nxb4 14. Kd2
Nb6 15. Nd6 h6 16. Rc1 Na6 17. Bxa6 bxa6 18. Rc7+ Bd7 19. Rhc1 Rhb8 1/2-1/2

[Event "I Weekend"]
[Site "Rivarolo Mantovano ITA"]
[Date "2003.10.12"]
[Round "3"]
[White "Garofalo, Sergio"]
[Black "Gualtieri, Primo"]
[Result "0-1"]
[WhiteElo "1663"]
[BlackElo "1552"]
[PlyCount "99"]
[EventDate "2003.10.11"]

1. d4 f5 2. e4 fxe4 3. Nc3 Nf6 4. Bg5 g6 5. f3 d5 6. Bxf6 exf6 7. fxe4 dxe4 8.
Nxe4 Bg7 9. Bc4 f5 10. Nc3 Qxd4 11. Qe2+ Qe5 12. Nd5 Qxe2+ 13. Kxe2 Bxb2 14.
Re1 Kd8 15. Rd1 Nd7 16. Nf3 Re8+ 17. Kf2 c6 18. Nf4 Kc7 19. Rb1 Nb6 20. Bf7 Re7
21. Ng5 Bf6 22. Nge6+ Bxe6 23. Nxe6+ Kb8 24. Nd8 Rd7 25. Rbd1 Bxd8 26. Rxd7
Nxd7 27. h4 Bb6+ 28. Kg3 Nf6 29. Kf4 Kc7 30. Kg5 Nh5 31. Re1 Bc5 32. Kh6 Nf4
33. g3 Nh5 34. Kxh7 Nxg3 35. Kxg6 f4 36. h5 f3 37. Bc4 f2 38. Rd1 Rf8 39. h6
f1=Q 40. Bxf1 Nxf1 41. h7 Ne3 42. Rd3 Nf5 43. c3 Be7 44. Rh3 Rf6+ 45. Kg5 Rh6+
46. Kg4 Ne3+ 47. Kg3 Bd6+ 48. Kf2 Rxh3 49. h8=Q Rxh8 50. Kxe3 0-1

[Event "I Weekend"]
[Site "Rivarolo Mantovano ITA"]
[Date "2003.10.12"]
[Round "3"]
[White "Gozzi, Fabrizio"]
[Black "Braghetta, Sergio"]
[Result "0-1"]
[WhiteElo "1812"]
[BlackElo "2255"]
[PlyCount "98"]
[EventDate "2003.10.11"]

1. e4 e6 2. d4 d5 3. e5 c5 4. c3 Nc6 5. Nf3 Qb6 6. Be2 Nh6 7. b3 Nf5 8. dxc5
Bxc5 9. O-O a5 10. Ba3 Bd7 11. Qc1 O-O 12. Bxc5 Qxc5 13. Qa3 Qb6 14. Bd3 Nfe7
15. Nbd2 Ng6 16. Rae1 Rac8 17. h4 Qc7 18. Bxg6 fxg6 19. Re3 Rf5 20. Rfe1 b5 21.
Qb2 Qb6 22. a3 Rf4 23. g3 Rf7 24. Qb1 Rcf8 25. R1e2 Bc8 26. Qd3 b4 27. axb4 Ba6
28. c4 axb4 29. Ng5 Re7 30. Ndf3 dxc4 31. bxc4 Rd8 32. Qe4 Nd4 33. Nxd4 Qxd4
34. Qb1 Qxc4 35. Re4 Qc7 36. Rb2 Bd3 37. Qa2 Bxe4 38. Nxe4 Qxe5 39. Rxb4 h6 40.
Qa4 Rc7 41. Rb5 Qd4 42. Rb4 Qd1+ 43. Qxd1 Rxd1+ 44. Kg2 Kf7 45. Rb6 Ke7 46. Rb4
Rd5 47. g4 Rcd7 48. f3 Rd4 49. Rb6 Rc4 0-1

[Event "I Weekend"]
[Site "Rivarolo Mantovano ITA"]
[Date "2003.10.12"]
[Round "3"]
[White "Grillo, Francesco"]
[Black "Menini, Luca"]
[Result "1-0"]
[WhiteElo "1654"]
[BlackElo "1516"]
[PlyCount "107"]
[EventDate "2003.10.11"]

1. d4 Nf6 2. c4 g6 3. Nc3 Bg7 4. e4 d6 5. Be2 O-O 6. Bg5 e5 7. dxe5 dxe5 8.
Qxd8 Rxd8 9. Nd5 Nbd7 10. Nxc7 Rb8 11. Nf3 h6 12. Be3 b6 13. Nd2 Bb7 14. f3 Bc6
15. O-O Rbc8 16. Nd5 Kh7 17. Ne7 Rc7 18. Nxc6 Rxc6 19. b4 Nb8 20. Rad1 Bf8 21.
a3 a5 22. b5 Rcd6 23. Nb1 Rxd1 24. Rxd1 Rxd1+ 25. Bxd1 Nbd7 26. a4 Bb4 27. Kf1
Ne8 28. Ke2 Nd6 29. Bb3 f5 30. exf5 gxf5 31. Nd2 Kg6 32. Kd3 h5 33. h3 f4 34.
Bf2 Bxd2 35. Kxd2 e4 36. fxe4 Nxe4+ 37. Ke2 Nxf2 38. Kxf2 Kf5 39. Bc2+ Kg5 40.
Ke2 Ne5 41. Bd3 Kf6 42. c5 bxc5 43. b6 Nc6 44. b7 Ke5 45. Bb5 Nb8 46. h4 Kd4
47. Kd2 c4 48. Be8 c3+ 49. Kc1 Kd3 50. Bxh5 Na6 51. Bg6+ Kc4 52. h5 Kb3 53.
Bc2+ Kc4 54. h6 1-0

[Event "I Weekend"]
[Site "Rivarolo Mantovano ITA"]
[Date "2003.10.12"]
[Round "3"]
[White "Massa, Salvenrico"]
[Black "Terbonati, Paolo"]
[Result "1-0"]
[WhiteElo "1750"]
[BlackElo "1572"]
[PlyCount "79"]
[EventDate "2003.10.11"]

1. c4 c5 2. Nc3 Nc6 3. g3 g6 4. Bg2 Bg7 5. d3 Nf6 6. e4 d6 7. Nge2 O-O 8. O-O
Ne8 9. Rb1 Nc7 10. h3 Ne6 11. a3 Ned4 12. b4 Nxe2+ 13. Nxe2 Nd4 14. Nxd4 Bxd4
15. Bb2 e5 16. Bxd4 cxd4 17. f4 f5 18. exf5 Bxf5 19. g4 Bc8 20. fxe5 dxe5 21.
Qe2 Qe7 22. Rxf8+ Kxf8 23. Rf1+ Kg7 24. Bd5 a5 25. b5 Qg5 26. Rf7+ Kh6 27. Qf2
Bf5 28. Bf3 Bxd3 29. h4 Qc1+ 30. Kg2 g5 31. Bxb7 Rg8 32. h5 Qc2 33. Qxc2 Bxc2
34. c5 Rb8 35. c6 Bd1 36. Kg3 Ba4 37. b6 Bxc6 38. Bxc6 Rxb6 39. Bd7 Rb3+ 40.
Kf2 1-0

[Event "I Weekend"]
[Site "Rivarolo Mantovano ITA"]
[Date "2003.10.12"]
[Round "3"]
[White "Panizzi, Giuseppe"]
[Black "Fezzardi, Emanuele"]
[Result "1/2-1/2"]
[WhiteElo "1841"]
[BlackElo "1762"]
[PlyCount "45"]
[EventDate "2003.10.11"]

1. d4 d5 2. Nf3 Nf6 3. c4 c6 4. e3 e6 5. Bd3 dxc4 6. Bxc4 b5 7. Bd3 a6 8. O-O
Nbd7 9. b3 c5 10. Bb2 Bb7 11. Qe2 Be7 12. Nbd2 O-O 13. Rac1 Rc8 14. dxc5 Nxc5
15. Bb1 Nce4 16. Nxe4 Nxe4 17. Rxc8 Qxc8 18. Rc1 Qb8 19. Nd4 Rc8 20. Rxc8+ Qxc8
21. Qd3 f5 22. f3 Nf6 23. Ne2 1/2-1/2

[Event "I Weekend"]
[Site "Rivarolo Mantovano ITA"]
[Date "2003.10.12"]
[Round "3"]
[White "Peron, Davide"]
[Black "Gallo, Carlo"]
[Result "1/2-1/2"]
[WhiteElo "1585"]
[BlackElo "1654"]
[PlyCount "108"]
[EventDate "2003.10.11"]

1. e4 c5 2. Nf3 d6 3. Bb5+ Bd7 4. Bxd7+ Nxd7 5. O-O Ngf6 6. d3 g6 7. Nc3 Bg7 8.
h3 O-O 9. Re1 a6 10. e5 dxe5 11. Nxe5 Nxe5 12. Rxe5 e6 13. Bg5 Qc7 14. Re1 b5
15. Qf3 Nd7 16. Rab1 Ne5 17. Qe3 Qc6 18. Bh6 Bxh6 19. Qxh6 f6 20. Qe3 Rae8 21.
Ne4 Nd7 22. Re2 Kg7 23. Rbe1 e5 24. f3 f5 25. Nd2 Nf6 26. Qf2 Qc7 27. b3 Nd5
28. Nb1 Nf4 29. Re3 Kf6 30. c4 b4 31. Qh4+ Kg7 32. g3 Nh5 33. f4 Qf7 34. Rxe5
Rxe5 35. Rxe5 Re8 36. Kf2 Rxe5 37. fxe5 Qe6 38. d4 cxd4 39. Qxd4 Kh6 40. Qd5
Qb6+ 41. c5 Qa5 42. Qd2+ f4 43. gxf4 Qxc5+ 44. Qe3 Qc2+ 45. Nd2 Qf5 46. h4
Qxf4+ 47. Qxf4+ Nxf4 48. Kg3 g5 49. hxg5+ Kxg5 50. Nc4 Kf5 51. Na5 h5 52. Kh4
Nd3 53. Nc6 a5 54. Kxh5 Nxe5 1/2-1/2

[Event "I Weekend"]
[Site "Rivarolo Mantovano ITA"]
[Date "2003.10.12"]
[Round "3"]
[White "Pipitone, Antonio"]
[Black "Mussap, Angelo"]
[Result "1-0"]
[WhiteElo "2014"]
[BlackElo "1807"]
[PlyCount "71"]
[EventDate "2003.10.11"]

1. e4 d6 2. d4 Nf6 3. Nc3 g6 4. Be2 Bg7 5. Nf3 O-O 6. O-O Bg4 7. h3 Bd7 8. Be3
h6 9. Qd2 Kh7 10. Rad1 Qc8 11. Rfe1 Nc6 12. Bf1 Ng8 13. d5 Ne5 14. Nxe5 Bxe5
15. f4 Bg7 16. Bd4 f6 17. Qe3 e6 18. dxe6 Bxe6 19. Qg3 Qd7 20. Bd3 f5 21. Bxg7
Qxg7 22. e5 d5 23. Ne2 c5 24. c3 Qc7 25. Bb1 Ne7 26. Kh1 Nc6 27. Ng1 Rf7 28.
Nf3 Raf8 29. Qh4 Rg7 30. Qg3 Qe7 31. Nh4 Rfg8 32. Nf3 Kh8 33. Bc2 Kh7 34. Bd3
Bc8 35. Qf2 Rd8 36. Bb5 1-0

[Event "I Weekend"]
[Site "Rivarolo Mantovano ITA"]
[Date "2003.10.12"]
[Round "3"]
[White "Ruggeri, Dario"]
[Black "Moi, Roberto"]
[Result "0-1"]
[WhiteElo "1729"]
[BlackElo "1840"]
[PlyCount "32"]
[EventDate "2003.10.11"]

1. e4 e5 2. f4 Nf6 3. Nc3 d5 4. fxe5 Nxe4 5. Nxe4 dxe4 6. d4 exd3 7. Bxd3 Nc6
8. Bf4 Be7 9. c3 Be6 10. Qc2 Qd7 11. O-O-O O-O-O 12. Nf3 Qd5 13. Bxh7 Qxa2 14.
Bf5 Na5 15. Bxe6+ fxe6 16. Qb1 Nb3+ 0-1

[Event "I Weekend"]
[Site "Rivarolo Mantovano ITA"]
[Date "2003.10.18"]
[Round "4"]
[White "Badalotti, Dario"]
[Black "Ghirardi, Gianfranco"]
[Result "0-1"]
[WhiteElo "1450"]
[BlackElo "1615"]
[PlyCount "120"]
[EventDate "2003.10.11"]

1. e4 d5 2. exd5 Qxd5 3. Nc3 Qd8 4. Nf3 Nf6 5. d4 Bf5 6. Bd3 Bxd3 7. Qxd3 c6 8.
O-O e6 9. Be3 Be7 10. Ne2 Nd5 11. c3 Nd7 12. Nf4 N7f6 13. Rfe1 Qc7 14. Nxd5
cxd5 15. Rad1 O-O 16. Qd2 Bd6 17. Qc1 Ng4 18. g3 Rae8 19. Bf4 Bxf4 20. Qxf4
Qxf4 21. gxf4 Nh6 22. Ne5 Re7 23. Nd3 Nf5 24. Re2 g6 25. Nb4 Kg7 26. Kg2 Rc7
27. Nc2 h5 28. Ne3 Nd6 29. Rc1 a5 30. b3 b5 31. a4 Rfc8 32. Rec2 b4 33. cxb4
Rxc2 34. Rxc2 axb4 35. Rxc8 Nxc8 36. a5 Kf8 37. a6 Ke8 38. Nc2 Kd8 39. Nxb4 Kc7
40. Kf3 Kb6 41. Nd3 Kxa6 42. b4 Kb5 43. Ke3 Nd6 44. f3 Kc4 45. Ne5+ Kxb4 46.
Kd3 Ka5 47. Kc3 Kb5 48. Kd3 h4 49. Kc3 Ka4 50. Kd3 Kb3 51. Kd2 Nc4+ 52. Kd3
Nxe5+ 53. fxe5 g5 54. h3 Kb4 55. Kd2 Kc4 56. Ke3 Kc3 57. f4 gxf4+ 58. Kxf4 Kxd4
59. Kg4 Kxe5 60. Kxh4 Kf4 0-1

[Event "I Weekend"]
[Site "Rivarolo Mantovano ITA"]
[Date "2003.10.18"]
[Round "4"]
[White "Bellelli, Ettore"]
[Black "Cottarelli, Franco"]
[Result "0-1"]
[WhiteElo "1600"]
[BlackElo "1698"]
[PlyCount "102"]
[EventDate "2003.10.11"]

1. d4 f5 2. g3 Nf6 3. Bg2 e6 4. c4 Be7 5. Nf3 d5 6. O-O O-O 7. Bf4 c6 8. Nbd2
Bd7 9. Ne5 Ne4 10. Nxe4 fxe4 11. c5 Be8 12. Bh3 Bf7 13. f3 g5 14. Bd2 Bf6 15.
f4 Bxe5 16. fxe5 Nd7 17. b4 Qe7 18. Qb3 Bh5 19. Qe3 Rxf1+ 20. Rxf1 Rf8 21. g4
Rxf1+ 22. Kxf1 Bg6 23. Qxg5 Qxg5 24. Bxg5 Kg7 25. e3 h6 26. Be7 Bf7 27. a4 Nb8
28. b5 Be8 29. Bd6 Nd7 30. bxc6 bxc6 31. a5 Kg6 32. g5 hxg5 33. Bxe6 Kg7 34.
Bxd5 cxd5 35. c6 Nf8 36. c7 Bd7 37. Ke2 Ng6 38. Kd2 Kf7 39. Kc3 Nh4 40. Bc5 a6
41. Bd6 Ke6 42. Kb4 Nf3 43. h3 Ng1 44. Kc5 Nxh3 45. Kb6 g4 46. Kxa6 g3 47. Kb7
g2 48. a6 g1=Q 49. c8=Q Qb1+ 50. Kc7 Bxc8 51. Kxc8 Qb6 0-1

[Event "I Weekend"]
[Site "Rivarolo Mantovano ITA"]
[Date "2003.10.18"]
[Round "4"]
[White "Bocceda, Carlo"]
[Black "Ruggeri, Dario"]
[Result "0-1"]
[WhiteElo "1636"]
[BlackElo "1729"]
[PlyCount "70"]
[EventDate "2003.10.11"]

1. e4 c5 2. Nf3 Nc6 3. d4 cxd4 4. Nxd4 g6 5. Be3 Bg7 6. Nc3 Nf6 7. Bc4 a6 8. f3
Qc7 9. Qd2 Nxd4 10. Qxd4 O-O 11. Qc5 Qxc5 12. Bxc5 d6 13. Be3 Bd7 14. O-O-O b5
15. Bd5 Rac8 16. Bb7 Rc7 17. Bxa6 Rb8 18. a3 Bc6 19. Rhe1 Ne8 20. Nd5 Rd7 21.
Nb4 Ba8 22. Kb1 e6 23. c4 Nc7 24. cxb5 Nxb5 25. Bxb5 Rxb5 26. Rc1 Rd8 27. Rc2
Bf8 28. Rec1 Bb7 29. Bg5 Rxg5 30. Nd3 d5 31. f4 Rh5 32. Rc7 Ba6 33. Ne5 Bd6 34.
Ra7 Bxe5 35. Rxa6 Bxf4 0-1

[Event "I Weekend"]
[Site "Rivarolo Mantovano ITA"]
[Date "2003.10.18"]
[Round "4"]
[White "Bonugli, Carlo"]
[Black "Schiatti, Piero"]
[Result "1-0"]
[WhiteElo "2047"]
[BlackElo "1804"]
[PlyCount "87"]
[EventDate "2003.10.11"]

1. e4 d5 2. exd5 Qxd5 3. Nc3 Qa5 4. d4 c6 5. Nf3 Nf6 6. Bc4 Bf5 7. O-O e6 8.
Re1 Be7 9. Bb3 Nbd7 10. Ne2 O-O 11. Ng3 Bg4 12. Bd2 Qb6 13. c3 Rfe8 14. h3 Bxf3
15. Qxf3 c5 16. Be3 cxd4 17. Bxd4 Bc5 18. Bxf6 Nxf6 19. Ba4 Red8 20. b4 Bf8 21.
Rad1 h6 22. Bb3 Rac8 23. Rxd8 Rxd8 24. Rd1 Rc8 25. Ne2 Qc7 26. a4 Be7 27. Qe3
a6 28. Rd3 Nd7 29. Bxe6 Rd8 30. Nf4 Nf8 31. Nd5 Bg5 32. Qf3 Rxd5 33. Bxd5 Bf6
34. Bxb7 Qe5 35. Qe3 Qc7 36. Bxa6 Ne6 37. Qf3 Qe5 38. Qa8+ Kh7 39. Re3 Qg5 40.
Bd3+ g6 41. Qe8 Kg7 42. Bc4 Qf5 43. Bxe6 fxe6 44. Qxe6 1-0

[Event "I Weekend"]
[Site "Rivarolo Mantovano ITA"]
[Date "2003.10.18"]
[Round "4"]
[White "Bozuffi, Italo"]
[Black "Grillo, Francesco"]
[Result "1/2-1/2"]
[WhiteElo "1570"]
[BlackElo "1654"]
[PlyCount "80"]
[EventDate "2003.10.11"]

1. b3 d5 2. Bb2 Nf6 3. d3 Bf5 4. g3 c6 5. e3 Nbd7 6. Bg2 e5 7. Ne2 Bc5 8. Nd2
Qb6 9. a3 O-O 10. h3 a5 11. O-O Rfe8 12. Qc1 h6 13. Nc3 Bxe3 14. fxe3 Qxe3+ 15.
Kh2 e4 16. Rxf5 exd3 17. Nf1 Qe6 18. Rxf6 Nxf6 19. cxd3 d4 20. Ne4 Nxe4 21.
Bxe4 Rad8 22. Qd1 f5 23. Bf3 Re7 24. Bc1 Qe1 25. Qxe1 Rxe1 26. Bb2 Rde8 27.
Rxe1 Rxe1 28. Kg1 c5 29. a4 Rb1 30. Ba3 b6 31. Bd5+ Kf8 32. Bxc5+ bxc5 33. Bc4
Rb2 34. h4 Ke7 35. Nh2 Kf6 36. Nf3 g5 37. h5 g4 38. Nh4 Rd2 39. Ng6 Rd1+ 40.
Kg2 Rd2+ 1/2-1/2

[Event "I Weekend"]
[Site "Rivarolo Mantovano ITA"]
[Date "2003.10.18"]
[Round "4"]
[White "Braghetta, Sergio"]
[Black "Pipitone, Antonio"]
[Result "1-0"]
[WhiteElo "2255"]
[BlackElo "2014"]
[PlyCount "67"]
[EventDate "2003.10.11"]

1. e4 c5 2. Nf3 d6 3. d4 cxd4 4. Nxd4 Nf6 5. Nc3 Nc6 6. Bc4 Qb6 7. Nb3 Ne5 8.
Be2 e6 9. f4 Ng6 10. Bd3 Bd7 11. Qe2 h5 12. Be3 Qc7 13. O-O-O a6 14. h3 h4 15.
Rhe1 Be7 16. Qf2 Bc6 17. Bb6 Qb8 18. Kb1 Bd8 19. Bxd8 Qxd8 20. e5 Nd5 21. Nxd5
Bxd5 22. c4 Bc6 23. Bxg6 fxg6 24. Rxd6 Qe7 25. Nc5 O-O 26. Nxe6 Rf7 27. Qd2 Bd7
28. Ng5 Bf5+ 29. Ka1 Rff8 30. Qf2 Bg4 31. Qxh4 Bh5 32. Qg3 Rad8 33. c5 Rc8 34.
Qe3 1-0

[Event "I Weekend"]
[Site "Rivarolo Mantovano ITA"]
[Date "2003.10.18"]
[Round "4"]
[White "Dordoni, Dario"]
[Black "Peron, Davide"]
[Result "1/2-1/2"]
[WhiteElo "1609"]
[BlackElo "1585"]
[PlyCount "102"]
[EventDate "2003.10.11"]

1. e4 c5 2. Nf3 d6 3. d4 cxd4 4. Nxd4 Nf6 5. Nc3 a6 6. Bc4 e6 7. Bb3 Be7 8. O-O
O-O 9. Nde2 Nc6 10. Ng3 Na5 11. Be3 Nxb3 12. axb3 Bd7 13. f4 Bc6 14. Qe2 b5 15.
e5 dxe5 16. fxe5 Nd7 17. Rfd1 Qc7 18. Bd4 Bc5 19. Bxc5 Nxc5 20. Rd4 Nd7 21. Re1
Qb6 22. Qf2 Rad8 23. Rf4 Qxf2+ 24. Rxf2 Nc5 25. b4 Nd7 26. Rd2 Nb6 27. Rd3 Nc4
28. b3 Rxd3 29. cxd3 Nd2 30. Nge2 Rd8 31. d4 Nxb3 32. Rb1 Nd2 33. Re1 Bb7 34.
Rd1 Nc4 35. Nc1 Ne3 36. Rd2 Rc8 37. N1a2 h6 38. Re2 Nd5 39. Ne4 Nf4 40. Rf2
Bxe4 41. Rxf4 Bd5 42. Rf2 Rc4 43. Rd2 Rc6 44. Kf2 g5 45. g3 h5 46. Ke3 Kg7 47.
Rf2 Bxa2 48. Rxa2 Rc3+ 49. Ke4 Rb3 50. Rxa6 Rxb4 51. Rb6 Rb2 1/2-1/2

[Event "I Weekend"]
[Site "Rivarolo Mantovano ITA"]
[Date "2003.10.18"]
[Round "4"]
[White "Galli, Massimiliano"]
[Black "Salati, Paolo"]
[Result "1/2-1/2"]
[WhiteElo "1440"]
[BlackElo "1615"]
[PlyCount "89"]
[EventDate "2003.10.11"]

1. d4 d5 2. c4 c6 3. Nf3 Nf6 4. Bf4 e6 5. e3 Bb4+ 6. Nbd2 O-O 7. a3 Ba5 8. Be2
Re8 9. O-O Nbd7 10. Qc2 Bc7 11. Bxc7 Qxc7 12. Qc3 e5 13. dxe5 Nxe5 14. Nxe5
Rxe5 15. Nf3 Re7 16. h3 Bf5 17. Rfd1 Rd8 18. cxd5 Nxd5 19. Qd2 Red7 20. Nd4 Nf6
21. Qc3 Ne4 22. Qb3 Qe5 23. Bf3 Nc5 24. Qc4 Be4 25. Qe2 Bxf3 26. Qxf3 Qe4 27.
Qxe4 Nxe4 28. b4 Nc3 29. Rd3 Ne2+ 30. Kf1 Nxd4 31. Rad1 Kf8 32. Rxd4 Rxd4 33.
Rxd4 Rxd4 34. exd4 Ke7 35. Ke2 Kd6 36. Kd3 Kd5 37. f3 f5 38. g3 b5 39. h4 g6
40. Kc3 h6 41. Kd3 g5 42. h5 a6 43. Kc3 Kd6 44. Kd2 Kd5 45. Kc3 1/2-1/2

[Event "I Weekend"]
[Site "Rivarolo Mantovano ITA"]
[Date "2003.10.18"]
[Round "4"]
[White "Gallo, Carlo"]
[Black "Zordan, Giovanni"]
[Result "0-1"]
[WhiteElo "1654"]
[BlackElo "1453"]
[PlyCount "82"]
[EventDate "2003.10.11"]

1. c4 Nf6 2. Nc3 e5 3. Nf3 Nc6 4. g3 Bb4 5. Bg2 O-O 6. O-O d6 7. d3 Bg4 8. Bg5
h6 9. Bxf6 Qxf6 10. Nd5 Qd8 11. Nxb4 Nxb4 12. a3 Na6 13. h3 Be6 14. b4 c6 15.
Rc1 Qd7 16. Kh2 Nc7 17. Qc2 f5 18. e3 Rf6 19. Qb2 Raf8 20. c5 e4 21. Ne1 d5 22.
f4 Ne8 23. Rd1 Rg6 24. dxe4 fxe4 25. g4 Bxg4 26. hxg4 Qxg4 27. Rd2 Qg3+ 28. Kg1
Qxe3+ 29. Kh1 Rxf4 30. Rxf4 Qxf4 31. Rf2 Qg3 32. Qe2 Rg5 33. Nc2 Nf6 34. Ne3
Nh5 35. Nf1 Qh4+ 36. Kg1 Nf4 37. Rxf4 Qxf4 38. Nd2 h5 39. Nb3 h4 40. Kh1 Qg3
41. Nd2 h3 0-1

[Event "I Weekend"]
[Site "Rivarolo Mantovano ITA"]
[Date "2003.10.18"]
[Round "4"]
[White "Gualazzi, Paolo"]
[Black "Benedetti, Maurizio"]
[Result "1-0"]
[WhiteElo "1684"]
[BlackElo "1522"]
[PlyCount "119"]
[EventDate "2003.10.11"]

1. d4 Nf6 2. c4 g6 3. Nc3 Bg7 4. e4 d6 5. h3 c6 6. Nf3 Qc7 7. Be3 Nbd7 8. Qd2
e5 9. d5 Nc5 10. Bxc5 dxc5 11. d6 Qd8 12. Nxe5 Nxe4 13. Nxe4 Bxe5 14. Rd1 f5
15. Nxc5 Bd7 16. Qe3 Qa5+ 17. Rd2 O-O-O 18. Be2 Bxd6 19. Nxd7 Rxd7 20. a3 Bc5
21. Qc3 Qxc3 22. bxc3 Rxd2 23. Kxd2 Bxa3 24. f3 Bc5 25. Rd1 Rd8+ 26. Bd3 Kb8
27. Re1 a5 28. Kc2 a4 29. Re5 Bd6 30. Ra5 a3 31. c5 Be7 32. Bc4 Bg5 33. Bd3 Rd5
34. Rxa3 Rxc5 35. Rb3 b5 36. Rb4 Bd8 37. Rd4 Ba5 38. c4 Kc7 39. Kb3 bxc4+ 40.
Bxc4 Re5 41. Kc2 Bb6 42. Rd2 Ba5 43. Rd1 Rc5 44. Kd3 Kd6 45. f4 Ke7 46. Kd4
Rxc4+ 47. Kxc4 Bc7 48. g3 Bd6 49. Ra1 Ke6 50. Ra6 g5 51. Rxc6 gxf4 52. gxf4 Kd7
53. Ra6 Bxf4 54. Ra7+ Ke6 55. Rxh7 Kd6 56. Kd3 Bg3 57. Ke3 f4+ 58. Kf3 Ke5 59.
h4 Kf5 60. Rh8 1-0

[Event "I Weekend"]
[Site "Rivarolo Mantovano ITA"]
[Date "2003.10.18"]
[Round "4"]
[White "Gualtieri, Primo"]
[Black "Massa, Salvenrico"]
[Result "0-1"]
[WhiteElo "1552"]
[BlackElo "1750"]
[PlyCount "70"]
[EventDate "2003.10.11"]

1. e4 c5 2. d4 cxd4 3. c3 d3 4. c4 Nc6 5. Bxd3 d6 6. Nc3 g6 7. Be3 Bg7 8. Nge2
Nf6 9. O-O Ne5 10. h3 Nxd3 11. Qxd3 O-O 12. Rfd1 Qa5 13. Nf4 Re8 14. Rab1 Nh5
15. Qd5 Bxc3 16. Nxh5 Qxd5 17. cxd5 Ba5 18. Ng3 Bd7 19. Rdc1 Reb8 20. Rc2 Bd8
21. f4 a5 22. f5 b5 23. Bg5 f6 24. Be3 b4 25. Rf2 Bb5 26. fxg6 hxg6 27. h4 a4
28. Kh2 b3 29. a3 Rc8 30. h5 gxh5 31. Rf5 h4 32. Rh5 hxg3+ 33. Kxg3 Kf7 34.
Rbh1 Ba5 35. Rh7+ Ke8 0-1

[Event "I Weekend"]
[Site "Rivarolo Mantovano ITA"]
[Date "2003.10.18"]
[Round "4"]
[White "Menini, Luca"]
[Black "Trazzi, Enrico"]
[Result "1-0"]
[WhiteElo "1516"]
[BlackElo "1642"]
[PlyCount "117"]
[EventDate "2003.10.11"]

1. d4 g6 2. c4 Bg7 3. Nc3 d6 4. e4 c6 5. Be3 Nd7 6. Bd3 e5 7. d5 c5 8. f3 Ne7
9. g4 a6 10. Nge2 h6 11. Qd2 g5 12. Ng3 f6 13. h4 Kf7 14. h5 b6 15. Ke2 Qc7 16.
Rhb1 Bb7 17. a3 Rhc8 18. Ra2 Bf8 19. b3 Ng8 20. Rab2 Rcb8 21. b4 Bc8 22. Kf1
Kg7 23. a4 Be7 24. Qf2 Bd8 25. bxc5 bxc5 26. Qc2 Ne7 27. Rxb8 Rxb8 28. Rxb8
Qxb8 29. Qb1 Qxb1+ 30. Nxb1 Ba5 31. Bd2 Bxd2 32. Nxd2 Nb6 33. a5 Na8 34. Bc2
Bd7 35. Nb1 Kf7 36. Ke2 Ke8 37. Kd3 Kd8 38. Nc3 Kc7 39. Ba4 Bxa4 40. Nxa4 Kd7
41. Kc3 Kc7 42. Kb3 Kc8 43. Nc3 Kd7 44. Nd1 Ke8 45. Ne3 Kd8 46. Nef5 Ng8 47.
Ne2 Nc7 48. Nc3 Ne8 49. Ka4 Kc7 50. Nb5+ Kd7 51. Na7 Kc7 52. Nc6 Kb7 53. Nce7
Nxe7 54. Nxe7 Ng7 55. Ng8 Kc7 56. Nxh6 Kd7 57. Ng8 Ke8 58. h6 Kf7 59. h7 1-0

[Event "I Weekend"]
[Site "Rivarolo Mantovano ITA"]
[Date "2003.10.18"]
[Round "4"]
[White "Moi, Roberto"]
[Black "Panizzi, Giuseppe"]
[Result "0-1"]
[WhiteElo "1840"]
[BlackElo "1841"]
[PlyCount "76"]
[EventDate "2003.10.11"]

1. d4 Nf6 2. c4 e6 3. Nf3 d5 4. Nc3 c6 5. e3 Nbd7 6. Qc2 Bd6 7. g4 h6 8. h3 e5
9. cxd5 cxd5 10. dxe5 Nxe5 11. Nxe5 Bxe5 12. Bg2 O-O 13. Bd2 Be6 14. O-O Rc8
15. Qa4 a6 16. Rad1 Rc4 17. Qb3 b5 18. f4 Bb8 19. Be1 d4 20. Qa3 Qb6 21. Ne2
dxe3 22. b3 Rc2 23. Ba5 Qa7 24. Rfe1 Rfc8 25. Kf1 Bc7 26. Bc3 Bb6 27. Bxf6 gxf6
28. f5 Bc5 29. Qa5 Bd7 30. Be4 Rd2 31. Rxd2 exd2 32. Qxd2 Be3 33. Qb2 Bc6 34.
Ng3 Bd4 35. Qc1 Qb8 36. Bxc6 Qxg3 37. Ke2 Qd6 38. Rd1 Rxc6 0-1